[Event "Ostersund Hurtigfeiden op"]
[Site "Ostersund"]
[Date "2018.08.26"]
[Round "4"]
[White "Granlund, Sebastian"]
[Black "Ji, Jiabao Eivind"]
[Result "1-0"]
[WhiteElo "1453"]
[BlackElo "1298"]
[PlyCount "75"]
[EventDate "2018.08.26"]
[EventType "swiss"]
[EventRounds "7"]
[EventCountry "SWE"]
[SourceTitle "CBM 186 Extra"]
[Source "ChessBase"]
[SourceDate "2018.08.24"]
[SourceVersion "1"]
[SourceVersionDate "2018.08.24"]
[SourceQuality "1"]

1. d4 Nf6 2. c4 g6 3. Nc3 d5 4. e3 Bg7 5. Nf3 c6 6. Be2 0-0 7. 0-0 Nbd7 8. h3 b6 9. b3 Re8 10. Bb2 Ba6 11. cxd5 Bxe2 12. Qxe2 cxd5 13. Rac1 Rc8 14. Rfd1 e6 15. Rc2 Qe7 16. Rdc1 Rc6 17. Nb5 Rxc2 18. Rxc2 a5 19. Ba3 Qd8 20. Nd6 Ne4 21. Rc8 Nc3 22. Qc2 Qxc8 23. Nxc8 Rxc8 24. Bb2 b5 25. a3 b4 26. axb4 axb4 27. Kh1 e5 28. Qc1 e4 29. Ne1 f5 30. g3 Nb6 31. Qd2 Kf7 32. Nc2 Na2 33. Nxb4 Nxb4 34. Qxb4 Rc2 35. Ba3 Rxf2 36. Qe7+ Kg8 37. Qe8+ Bf8 38. Qxf8# 1-0

[Event "Ostersund Hurtigfeiden op"]
[Site "Ostersund"]
[Date "2018.08.26"]
[Round "3"]
[White "Wik, Bo"]
[Black "Granlund, Sebastian"]
[Result "1-0"]
[WhiteElo "1823"]
[BlackElo "1453"]
[PlyCount "77"]
[EventDate "2018.08.26"]
[EventType "swiss"]
[EventRounds "7"]
[EventCountry "SWE"]
[SourceTitle "CBM 186 Extra"]
[Source "ChessBase"]
[SourceDate "2018.08.24"]
[SourceVersion "1"]
[SourceVersionDate "2018.08.24"]
[SourceQuality "1"]

1. d4 d5 2. c4 c6 3. Nf3 Bf5 4. Nc3 Nf6 5. e3 e6 6. Be2 Be7 7. 0-0 h6 8. Ne5 Nbd7 9. f4 0-0 10. g4 Bh7 11. b3 Bb4 12. Bb2 Bxc3 13. Bxc3 Ne4 14. Qe1 Ndf6 15. Rc1 Rc8 16. h4 Nd7 17. g5 Nxe5 18. dxe5 hxg5 19. hxg5 Nxg5 20. fxg5 Qxg5+ 21. Kf2 Qh4+ 22. Kg2 Be4+ 23. Bf3 Qg4+ 24. Qg3 Bxf3+ 25. Rxf3 Qxg3+ 26. Kxg3 g6 27. Bb2 Rfd8 28. Rcf1 Rd7 29. c5 Kg7 30. Rh1 Rh8 31. Rxh8 Kxh8 32. Kg4 Kg7 33. Kg5 Rd8 34. Rh3 a6 35. Bc1 Rd7 36. Kg4 Rd8 37. e4 dxe4 38. Bg5 Rd4 39. Bf6+ 1-0